000 01188nac a22003617a 4500
001 BR0805167
003 BR-BrBNA
005 20240105123638.0
008 230509b bl.|||m| |||| 00| 0 por d
040 _aBR-BrBNA
_bpor
_cBiblioteca Nacional de Agricultura
072 _aF08
090 _a0331 BR0805167
100 1 _aBeltrão, N.E. de M.
100 1 _aSilva, L.C.
100 1 _aMelo, F. de B.
110 1 _aEMBRAPA Algodão, Campina Grande, PB (Brasil)
_93546
245 1 _aCultivo da mamona (Ricinus communis L.)consorciada com feijão caupi [Vigna unguiculata (L.)Walp]para o semi-árido nordestino, em especial do Piauí
260 3 _aCampina Grande, PB (Brasil):
_c2002.
300 _a44 p.
490 _aDocumentos - EMBRAPA Algodão (Brazil)
_vno. 97
_xISSN 0103-0205
500 _a24 ref.; 34 illus.
650 _aMAMONA
650 _aRICINUS COMMUNIS
650 _aFEIJÃO DE CORDA
650 _aVIGNA UNGUICULATA
650 _aCONSORCIAÇÃO DE CULTURA
650 _aPRÁTICA CULTURAL
650 _aDOENÇA DE PLANTA
650 _aPRAGA DE PLANTA
650 _aNORDESTE
909 _a202312
_bLúcia Elande
_c55
_dLúcia Elande
942 _2AGRIS
_n0
_cMS
999 _c296358
_d296358